Ngữ văn Hán Nôm

Uloženo v:
Podrobná bibliografie
Hlavní autor: Đặng Đức Siêu
Médium: Kniha
Jazyk:Undetermined
Vydáno: Hà Nội Giáo dục 1988
Témata:
Tagy: Přidat tag
Žádné tagy, Buďte první, kdo otaguje tento záznam!
Thư viện lưu trữ: Trung tâm Học liệu Trường Đại học Cần Thơ
LEADER 00598nam a2200193Ia 4500
001 CTU_11007
008 210402s9999 xx 000 0 und d
082 |a 495.1 
082 |b S309/T.2 
100 |a Đặng Đức Siêu 
245 0 |a Ngữ văn Hán Nôm 
245 0 |c Đặng Đức Siêu, Nguyễn Ngọc San 
260 |a Hà Nội 
260 |b Giáo dục 
260 |c 1988 
526 |a Văn bản Hán văn Việt Nam 
526 |b SG219 
650 |a chinese language - grammar - study and teaching 
980 |a Trung tâm Học liệu Trường Đại học Cần Thơ